000 01105nam a2200325 a 4500
001 25738
003 CO-ViMGA
008 141112s2004 ck r 000 u spa d
020 _a9789588640112
040 _aCO-ViMGA
_bspa
_cCO-ViMGA
041 _aSPA
090 _aN MAL11
100 1 _aMalzieu, Mathias, 1974 -
_9463
245 1 0 _aMetamorfosis en el cielo /
_cMathias Malzieu ; traducción de Sofia Tros De Ilarduya
250 _a1a ed. 1a reimpr.
260 _aBogotá :
_bFlammarion,
_c2013
300 _a152 p.
500 _aTítulo original : Métamorphose en bord de ciel
650 1 4 _aAUTORES FRANCESES
_91076
650 1 4 _aLITERATURA FRANCESA - SIGLO XX
_939721
650 1 4 _aLITERATURA FRANCESA - SIGLO XX
_939721
650 1 4 _aLITERATURA FRANCESA - SIGLO XX
_939721
650 1 4 _aLITERATURA FRANCESA - SIGLO XX
_939721
650 1 4 _aNOVELA FRANCESA - SIGLO XX
_916227
650 1 4 _aPERSONAJES FANTASTICOS - NOVELA
_939722
650 1 4 _aSUEÑOS - NOVELA
_939723
650 1 4 _aTOMA DE DECISIONES - NOVELA
_939724
700 1 _aTros De Ilarduya, Sofia
_9467
942 _2ddc
_cBK
999 _c5305
_d5305